NLSUI OPAC header image

Women and smoking since 1890 (Record no. 32228)

MARC details
000 -LEADER
fixed length control field 01174nam a2200217Ia 4500
003 - CONTROL NUMBER IDENTIFIER
control field OSt
005 - DATE AND TIME OF LATEST TRANSACTION
control field 20210521154452.0
008 - FIXED-LENGTH DATA ELEMENTS--GENERAL INFORMATION
fixed length control field 160316s2007 xxu||||| |||| 00| 0 eng d
020 ## - INTERNATIONAL STANDARD BOOK NUMBER
International Standard Book Number 9780415340595
040 ## - CATALOGING SOURCE
Transcribing agency n
082 ## - DEWEY DECIMAL CLASSIFICATION NUMBER
Classification number 613.850000
Item number ELL
100 ## - MAIN ENTRY--PERSONAL NAME
Personal name Elliot Rosemary
245 ## - TITLE STATEMENT
Title Women and smoking since 1890
260 ## - PUBLICATION, DISTRIBUTION, ETC.
Place of publication, distribution, etc. London
Name of publisher, distributor, etc. Routledge
Date of publication, distribution, etc. 2007
300 ## - PHYSICAL DESCRIPTION
Extent 225p
Dimensions xiii
365 ## - TRADE PRICE
Price amount Rs. 2,248
505 ## - FORMATTED CONTENTS NOTE
Formatted contents note Table of contents<br/>List of illustrations; <br/>Acknowledgments; <br/>List of abbreviations; <br/>Introduction; <br/>Chapter One The Lady Smoker; <br/>Chapter Two Cigarettes and supporting the war; <br/>Chapter Three Flappers and the changing face of femininity; <br/>Chapter Four Personal perspectives: smoking among women in Mass Observation and oral history; <br/>Chapter Five Smoking in war and peace; <br/>Chapter Six The construction of the health risks of smoking; <br/>Chapter Seven The feminisation of the cigarette; <br/>Chapter Eight From pregnant women to teenage girls: the shifting focus of smoking among women as a health issue; <br/>Conclusion
650 ## - SUBJECT ADDED ENTRY--TOPICAL TERM
Topical term or geographic name entry element 1. Women - Health & Hygiene 2. Women Tobacco Use - History3. Smoking
700 ## - ADDED ENTRY--PERSONAL NAME
Personal name
--
942 ## - ADDED ENTRY ELEMENTS (KOHA)
Source of classification or shelving scheme Dewey Decimal Classification
Koha item type BOOKs
Holdings
Withdrawn status Lost status Damaged status Not for loan Home library Current library Shelving location Date acquired Cost, normal purchase price Total Checkouts Full call number Barcode Date last seen Price effective from Koha item type
        NLS NLS NAB Compactor 30/05/2017 2248.00   613.85 ELL 29207 30/05/2017 30/05/2017 BOOKs